Name a Valid MLB Team - Statistics

General Stats
  • This quiz has been taken 480 times
    224 since last reset
  • The average score is 13 of 20
Answer Stats
Name an MLB franchise ... Answer % Correct
that has ever had a player with 500 or more home runs for that team Braves | Cubs | Giants | Phillies | Red Sox | Twins | Yankees
99%
that Nolan Ryan played for Angels | Astros | Mets | Rangers
79%
that has ever had a player with 175 or more RBIs in a single season Cubs | Red Sox | Tigers | Yankees
75%
that has ever had a pitcher with 300 or more wins for that team Braves | Giants | Twins
74%
that does not play its home games in the United States Blue Jays
73%
that plays its home games in a state where Spring Training is held Diamondbacks | Marlins | Rays
73%
that has ever had a player with 3,500 or more hits for that team Braves | Cardinals | Tigers
72%
that has never made it to the World Series Mariners
69%
that is one of the 14 expansion franchises and has won two World Series titles Astros | Blue Jays | Marlins | Mets | Royals
66%
that has had a pitcher with 3,000 or more strikeouts for that team Braves | Cardinals | Phillies | Twins
66%
that used to play in the other league Astros | Brewers
63%
that has never won a World Series title, other than the team that works as an answer to the above question Brewers | Padres | Rays | Rockies
61%
that plays in the same league as another team in that state, not including California teams Astros | Phillies | Pirates | Rangers
58%
that used to play in Milwaukee but no longer does Braves | Orioles
58%
that has had a pitcher with an ERA under 1.50 for a season since 1950 Cardinals
53%
that plays its home games 500 or more miles from any other team's home stadium Mariners | Rockies
48%
that is one of the original 16 franchises and has won exactly two World Series titles Guardians | Phillies
47%
that used to be the Washington Senators Rangers | Twins
46%
that does not play in the largest city proper in its metro area (metro area defined according to the U.S. Census Bureau) Angels | Athletics | Braves | Rangers | Rays
41%
that used to play in a different metro area but has only won a World Series title while playing in its current metro area (metro area defined according to the U.S. Census Bureau) Nationals | Orioles | Yankees
39%
No matching quizzes found
Score Distribution
Percent of People with Each Score
Percentile by Number Answered
Your Score History
You have not taken this quiz since the last reset